| 000 | 00700nam a2200253Ia 4500 | ||
|---|---|---|---|
| 003 | OSt | ||
| 005 | 20220925221158.0 | ||
| 006 | a|||||r|||| 00| 0 | ||
| 007 | ta | ||
| 008 | 220923b |||||||| |||| 00| 0 eng d | ||
| 020 | _ceuro 2750 | ||
| 037 |
_b262, 26/10/1987, BS _cGeneral Book |
||
| 040 |
_aRTL _cRTL _beng |
||
| 041 |
_2eng _aeng |
||
| 082 | _aX:93:(B), M7 | ||
| 100 |
_aHolden K _9259829 |
||
| 245 | 0 | _aEconomics of wage controls | |
| 260 |
_aLondon _bMacmillan Uk _c1987 |
||
| 300 |
_a144p. _ccm. |
||
| 500 | _aBibliogarphy P 132-39 | ||
| 650 |
_aWages _9229845 |
||
| 942 |
_hX:93:(B), M7 _cGB _2CC |
||
| 999 |
_c573506 _d573506 |
||